[Event "MSR_ch16"]
[Site "?"]
[Date "2024.04.05"]
[Round "1.1"]
[White "Elias, David"]
[Black "Simunek, Matej"]
[Result "1-0"]
[BlackElo "1711"]
[WhiteElo "2257"]
[LiveChessVersion "1.4.8"]

1. Nf3 {[%clk 1:30:55]} Nf6 {[%clk 1:30:35]} 2. g3 {[%clk 1:31:20]} d5
{[%clk 1:30:49]} 3. Bg2 {[%clk 1:31:43]} c6 {[%clk 1:30:40]} 4. O-O
{[%clk 1:31:33]} Bf5 {[%clk 1:30:46]} 5. d4 {[%clk 1:31:06]} e6 {[%clk 1:29:48]}
6. c4 {[%clk 1:30:14]} Nbd7 {[%clk 1:27:50]} 7. b3 {[%clk 1:27:48]} Be7
{[%clk 1:26:16]} 8. Bb2 {[%clk 1:28:00]} O-O {[%clk 1:25:25]} 9. Nbd2
{[%clk 1:20:16]} h6 {[%clk 1:21:02]} 10. Ne5 {[%clk 1:19:35]} Nxe5
{[%clk 1:14:29]} 11. dxe5 {[%clk 1:19:48]} Nd7 {[%clk 1:13:46]} 12. e4 dxe4
{[%clk 1:13:18]} 13. Bxe4 {[%clk 1:09:40]} Bxe4 {[%clk 1:12:44]} 14. Nxe4
{[%clk 1:10:06]} Nc5 {[%clk 1:11:13]} 15. Nd6 {[%clk 1:09:29]} Qc7
{[%clk 0:54:42]} 16. Qd4 {[%clk 1:07:44]} b6 {[%clk 0:46:31]} 17. Rad1
{[%clk 1:05:53]} Rad8 {[%clk 0:44:19]} 18. Qg4 {[%clk 0:59:38]} Nb7
{[%clk 0:12:47]} 19. f4 {[%clk 0:52:34]} g6 {[%clk 0:12:29]} 20. Qh3
{[%clk 0:47:47]} Kh7 {[%clk 0:11:13]} 21. f5 {[%clk 0:43:45]} Nxd6
{[%clk 0:09:57]} 22. exd6 {[%clk 0:27:27]} Bxd6 {[%clk 0:10:17]} 23. fxg6+
{[%clk 0:27:03]} fxg6 {[%clk 0:10:33]} 24. Qxe6 {[%clk 0:26:55]} Bc5+
{[%clk 0:10:23]} 25. Kg2 {[%clk 0:25:30]} Rxd1 {[%clk 0:10:25]} 26. Rxd1
{[%clk 0:25:44]} Rf7 {[%clk 0:09:00]} 27. Qe8 {[%clk 0:24:01]} Bf8
{[%clk 0:08:28]} 28. Rd8 {[%clk 0:23:00]} Kg8 {[%clk 0:07:51]} 29. Be5
{[%clk 0:16:05]} Qe7 {[%clk 0:08:01]} 30. Qxe7 {[%clk 0:16:17]} Rxe7
{[%clk 0:08:25]} 31. Bd6 {[%clk 0:16:31]} Rf7 {[%clk 0:08:43]} 32. Ra8
{[%clk 0:15:07]} Kg7 {[%clk 0:06:02]} 33. Bxf8+ {[%clk 0:15:22]} Rxf8
{[%clk 0:06:26]} 34. Rxa7+ {[%clk 0:15:50]} Kf6 {[%clk 0:06:45]} 35. Rc7
{[%clk 0:16:10]} Ra8 {[%clk 0:05:37]} 36. Rxc6+ {[%clk 0:16:33]} Kf5
{[%clk 0:05:51]} 37. a4 {[%clk 0:16:59]} Rb8 {[%clk 0:05:32]} 38. Kf3
{[%clk 0:17:20]} g5 {[%clk 0:05:49]} 39. Rxh6 {[%clk 0:17:33]} g4+
{[%clk 0:05:56]} 40. Ke3 {[%clk 0:17:54]} 1-0

[Event "MSR_ch16"]
[Site "?"]
[Date "2024.04.05"]
[Round "1.2"]
[White "Sujan, Daniel"]
[Black "Oruzinsky, Juraj"]
[Result "0-1"]
[BlackElo "2118"]
[WhiteElo "1702"]
[LiveChessVersion "1.4.8"]

1. e4 {[%clk 1:30:56]} c5 {[%clk 1:30:47]} 2. Nc3 {[%clk 1:31:20]} g6
{[%clk 1:31:00]} 3. f4 {[%clk 1:31:09]} Bg7 {[%clk 1:30:23]} 4. Bc4
{[%clk 1:30:41]} e6 {[%clk 1:28:37]} 5. Nf3 {[%clk 1:30:12]} Nc6 {[%clk 1:26:52]}
6. d3 {[%clk 1:29:20]} Nge7 {[%clk 1:26:43]} 7. O-O {[%clk 1:26:39]} O-O
{[%clk 1:25:31]} 8. Qe1 {[%clk 1:26:06]} d5 {[%clk 1:23:20]} 9. exd5
{[%clk 1:23:03]} exd5 {[%clk 1:23:27]} 10. Bb3 {[%clk 1:22:56]} a6
{[%clk 1:12:55]} 11. Qh4 {[%clk 1:17:29]} Qd6 {[%clk 1:08:50]} 12. Kh1
{[%clk 1:15:29]} b5 {[%clk 0:53:03]} 13. a3 {[%clk 1:12:17]} Nf5 {[%clk 0:44:58]}
14. Qf2 {[%clk 1:07:40]} c4 {[%clk 0:33:40]} 15. dxc4 {[%clk 1:07:11]} dxc4
{[%clk 0:32:39]} 16. Ba2 {[%clk 1:05:28]} Rd8 {[%clk 0:25:08]} 17. Rd1
{[%clk 0:57:33]} Qxd1+ {[%clk 0:14:54]} 18. Nxd1 {[%clk 0:57:28]} Rxd1+
{[%clk 0:15:21]} 19. Ne1 {[%clk 0:53:40]} Bb7 {[%clk 0:11:38]} 20. Rb1
{[%clk 0:50:52]} Re8 {[%clk 0:10:08]} 21. Bd2 {[%clk 0:50:28]} Bd4
{[%clk 0:09:59]} 22. Qf1 {[%clk 0:36:20]} Rxd2 {[%clk 0:10:25]} 23. Nf3
{[%clk 0:26:29]} Rf2 {[%clk 0:09:11]} 24. Qd1 {[%clk 0:22:17]} Rxg2
{[%clk 0:09:09]} 25. Qf1 {[%clk 0:16:53]} Rf2 {[%clk 0:09:21]} 26. Qh3
{[%clk 0:15:25]} Rxf3 {[%clk 0:09:20]} 0-1

[Event "MSR_ch16"]
[Site "?"]
[Date "2024.04.05"]
[Round "1.3"]
[White "Benci, Jozef"]
[Black "Hozlar, Michal"]
[Result "1-0"]
[BlackElo "1696"]
[WhiteElo "2040"]
[LiveChessVersion "1.4.8"]

1. e4 {[%clk 1:28:09]} c5 {[%clk 1:30:02]} 2. Nf3 {[%clk 1:28:21]} Nc6
{[%clk 1:29:51]} 3. d4 {[%clk 1:28:20]} cxd4 {[%clk 1:29:37]} 4. Nxd4
{[%clk 1:28:48]} Nf6 {[%clk 1:29:40]} 5. Nc3 {[%clk 1:27:11]} e5 {[%clk 1:29:16]}
6. Ndb5 {[%clk 1:25:13]} d6 {[%clk 1:27:19]} 7. Bg5 {[%clk 1:24:51]} a6
{[%clk 1:27:11]} 8. Na3 {[%clk 1:25:10]} b5 {[%clk 1:27:08]} 9. Nd5
{[%clk 1:24:49]} Be7 {[%clk 1:23:40]} 10. Bxf6 {[%clk 1:22:10]} Bxf6
{[%clk 1:23:09]} 11. c3 {[%clk 1:22:26]} O-O {[%clk 1:20:41]} 12. Nc2
{[%clk 1:22:03]} Bg5 {[%clk 1:16:25]} 13. Bd3 {[%clk 1:14:17]} Ne7
{[%clk 1:07:53]} 14. Nce3 {[%clk 1:07:18]} Be6 {[%clk 1:00:20]} 15. Bc2
{[%clk 0:54:48]} g6 {[%clk 0:49:18]} 16. Bb3 {[%clk 0:48:00]} Kh8
{[%clk 0:39:42]} 17. O-O {[%clk 0:41:22]} f5 {[%clk 0:33:58]} 18. exf5
{[%clk 0:34:52]} gxf5 {[%clk 0:30:37]} 19. Nxe7 {[%clk 0:24:43]} Qxe7
{[%clk 0:29:33]} 20. Bxe6 {[%clk 0:24:19]} Qxe6 {[%clk 0:27:15]} 21. Qd5
{[%clk 0:20:25]} Qxd5 {[%clk 0:23:47]} 22. Nxd5 {[%clk 0:20:53]} Rac8
{[%clk 0:22:24]} 23. Rfd1 {[%clk 0:18:19]} Rfd8 {[%clk 0:20:00]} 24. a4
{[%clk 0:17:41]} Ra8 {[%clk 0:18:07]} 25. axb5 {[%clk 0:12:52]} axb5
{[%clk 0:16:41]} 26. Rxa8 {[%clk 0:12:56]} Rxa8 {[%clk 0:17:00]} 27. Nc7
{[%clk 0:13:06]} Ra2 {[%clk 0:15:34]} 28. Nxb5 {[%clk 0:10:31]} Rxb2
{[%clk 0:15:35]} 29. Nxd6 {[%clk 0:10:54]} Rd2 {[%clk 0:15:23]} 30. Rxd2
{[%clk 0:11:05]} Bxd2 {[%clk 0:15:43]} 31. c4 {[%clk 0:11:20]} f4
{[%clk 0:15:56]} 32. c5 {[%clk 0:09:27]} Ba5 {[%clk 0:15:25]} 33. c6
{[%clk 0:09:29]} e4 {[%clk 0:14:31]} 34. Nb5 {[%clk 0:06:39]} e3 {[%clk 0:14:50]}
35. fxe3 {[%clk 0:06:44]} fxe3 {[%clk 0:14:50]} 36. Kf1 {[%clk 0:07:03]} 1-0

[Event "MSR_ch16"]
[Site "?"]
[Date "2024.04.05"]
[Round "1.4"]
[White "Vida, Gergo"]
[Black "Durana, Jonas"]
[Result "0-1"]
[BlackElo "2007"]
[WhiteElo "1674"]
[LiveChessVersion "1.4.8"]

1. c4 {[%clk 1:30:57]} e6 {[%clk 1:30:49]} 2. Nc3 {[%clk 1:31:14]} Nf6
{[%clk 1:30:50]} 3. g3 {[%clk 1:30:46]} Bb4 {[%clk 1:28:00]} 4. Bg2
{[%clk 1:30:44]} O-O {[%clk 1:27:36]} 5. e4 {[%clk 1:30:06]} d6 {[%clk 1:24:41]}
6. Nge2 {[%clk 1:28:49]} c5 {[%clk 1:22:58]} 7. O-O {[%clk 1:28:12]} Nc6
{[%clk 1:23:03]} 8. b3 {[%clk 1:25:10]} Nd4 {[%clk 1:16:03]} 9. Bb2
{[%clk 1:16:43]} e5 {[%clk 1:08:50]} 10. Nxd4 {[%clk 1:03:25]} cxd4
{[%clk 1:07:01]} 11. Ne2 {[%clk 1:02:12]} a5 {[%clk 0:57:28]} 12. Nc1
{[%clk 0:58:52]} Bd7 {[%clk 0:49:39]} 13. Nd3 {[%clk 0:54:46]} Bc5
{[%clk 0:43:10]} 14. f4 {[%clk 0:47:09]} Qc7 {[%clk 0:39:37]} 15. a4
{[%clk 0:42:14]} Bg4 {[%clk 0:35:28]} 16. Bf3 {[%clk 0:29:51]} Bxf3
{[%clk 0:35:43]} 17. Qxf3 {[%clk 0:29:59]} Rfe8 {[%clk 0:30:57]} 18. fxe5
{[%clk 0:23:45]} dxe5 {[%clk 0:30:27]} 19. Nxc5 {[%clk 0:24:00]} Qxc5
{[%clk 0:29:53]} 20. Ba3 {[%clk 0:24:14]} Qc8 {[%clk 0:25:51]} 21. Kg2
{[%clk 0:23:35]} Qd7 {[%clk 0:23:45]} 22. d3 {[%clk 0:19:57]} Ra6
{[%clk 0:23:34]} 23. Bc1 {[%clk 0:15:51]} h6 {[%clk 0:17:22]} 24. Ra2
{[%clk 0:14:59]} Nh7 {[%clk 0:11:11]} 25. Raf2 {[%clk 0:12:42]} Rf6
{[%clk 0:10:17]} 26. Qe2 {[%clk 0:11:58]} Rxf2+ {[%clk 0:09:08]} 27. Rxf2
{[%clk 0:11:54]} Re6 {[%clk 0:08:32]} 28. Qf1 {[%clk 0:10:06]} Rb6
{[%clk 0:07:12]} 29. Qd1 {[%clk 0:09:12]} Re6 {[%clk 0:01:24]} 30. Bd2
{[%clk 0:07:21]} b6 {[%clk 0:00:50]} 31. Qg4 {[%clk 0:05:54]} Qe7
{[%clk 0:00:37]} 32. Qd1 {[%clk 0:05:12]} Nf6 {[%clk 0:00:48]} 33. Bc1
{[%clk 0:04:23]} Nd7 {[%clk 0:01:01]} 34. Qc2 {[%clk 0:04:08]} Rg6
{[%clk 0:01:20]} 35. Rf3 {[%clk 0:02:32]} Qb4 {[%clk 0:00:52]} 36. Bd2
{[%clk 0:02:33]} Qe7 {[%clk 0:01:03]} 37. Bc1 {[%clk 0:02:44]} h5
{[%clk 0:01:12]} 38. Qa2 {[%clk 0:01:45]} h4 {[%clk 0:00:50]} 39. Ba3
{[%clk 0:01:43]} Qg5 {[%clk 0:00:59]} 40. Qf2 {[%clk 0:02:04]} f6
{[%clk 0:00:34]} 41. Kf1 {[%clk 0:23:46]} Rh6 {[%clk 0:25:11]} 42. Ke1
{[%clk 0:18:26]} Nc5 {[%clk 0:16:07]} 43. gxh4 {[%clk 0:09:37]} Rxh4
{[%clk 0:16:22]} 44. Rg3 {[%clk 0:08:07]} Qh6 {[%clk 0:15:24]} 45. Bxc5
{[%clk 0:06:26]} Qc1+ {[%clk 0:14:49]} 46. Ke2 {[%clk 0:06:47]} Rxh2
{[%clk 0:14:50]} 47. Rg2 {[%clk 0:05:34]} Qc2+ {[%clk 0:14:29]} 48. Ke1
{[%clk 0:04:43]} Rh1+ {[%clk 0:14:01]} 49. Rg1 {[%clk 0:04:27]} Qc1+
{[%clk 0:14:19]} 50. Ke2 {[%clk 0:04:21]} Rxg1 {[%clk 0:14:43]} 51. Bxb6
{[%clk 0:04:04]} Qd1# {[%clk 0:15:10]} 0-1

[Event "MSR_ch16"]
[Site "?"]
[Date "2024.04.05"]
[Round "1.5"]
[White "Gollner, Martin"]
[Black "Kadela, Fedor"]
[Result "1-0"]
[BlackElo "1672"]
[WhiteElo "1982"]
[LiveChessVersion "1.4.8"]

1. d4 {[%clk 1:30:57]} Nf6 {[%clk 1:30:55]} 2. c4 {[%clk 1:31:22]} c6
{[%clk 1:31:18]} 3. Nc3 {[%clk 1:31:29]} d5 {[%clk 1:31:42]} 4. Nf3
{[%clk 1:31:34]} e6 {[%clk 1:31:57]} 5. e3 {[%clk 1:31:16]} Nbd7 {[%clk 1:32:16]}
6. Bd3 {[%clk 1:30:46]} dxc4 {[%clk 1:32:09]} 7. Bxc4 {[%clk 1:31:06]} Be7
{[%clk 1:32:23]} 8. O-O {[%clk 1:30:38]} O-O {[%clk 1:32:47]} 9. e4
{[%clk 1:25:43]} a5 {[%clk 1:32:34]} 10. e5 {[%clk 1:20:28]} Nd5 {[%clk 1:32:52]}
11. Nxd5 {[%clk 1:20:39]} cxd5 {[%clk 1:32:52]} 12. Bd3 {[%clk 1:20:01]} Re8
{[%clk 1:31:53]} 13. h4 {[%clk 1:10:29]} f6 {[%clk 1:22:37]} 14. Qc2
{[%clk 1:06:12]} Nf8 {[%clk 1:21:11]} 15. exf6 {[%clk 0:58:16]} Bxf6
{[%clk 1:21:22]} 16. Ng5 {[%clk 0:54:04]} Bxg5 {[%clk 1:14:18]} 17. Bxg5
{[%clk 0:54:00]} Qd6 {[%clk 1:14:12]} 18. Rae1 {[%clk 0:48:40]} e5
{[%clk 1:12:49]} 19. dxe5 {[%clk 0:48:06]} Qe6 {[%clk 1:12:07]} 20. Bd2
{[%clk 0:40:52]} Bd7 {[%clk 1:10:01]} 21. f4 {[%clk 0:36:29]} Rac8
{[%clk 1:10:02]} 22. Qb3 {[%clk 0:34:02]} a4 {[%clk 1:09:35]} 23. Qb4
{[%clk 0:31:41]} Qg4 {[%clk 1:01:42]} 24. f5 {[%clk 0:30:06]} 1-0

[Event "MSR_ch16"]
[Site "?"]
[Date "2024.04.05"]
[Round "1.6"]
[White "Kyselica, Daniel"]
[Black "Gay, Lukas"]
[Result "0-1"]
[BlackElo "1976"]
[WhiteElo "1652"]
[LiveChessVersion "1.4.8"]

1. d4 {[%clk 1:30:56]} Nf6 {[%clk 1:30:42]} 2. Nc3 {[%clk 1:30:52]} d5
{[%clk 1:30:22]} 3. Bf4 {[%clk 1:31:11]} a6 {[%clk 1:30:42]} 4. e3
{[%clk 1:31:31]} Bf5 {[%clk 1:29:40]} 5. Bd3 {[%clk 1:30:32]} Bg6
{[%clk 1:27:26]} 6. Nf3 {[%clk 1:29:30]} e6 {[%clk 1:27:40]} 7. Ne5
{[%clk 1:29:24]} c5 {[%clk 1:25:00]} 8. Ne2 {[%clk 1:25:53]} cxd4
{[%clk 1:16:47]} 9. exd4 {[%clk 1:25:40]} Nc6 {[%clk 1:16:44]} 10. Nxg6
{[%clk 1:18:21]} hxg6 {[%clk 1:17:02]} 11. c3 {[%clk 1:17:32]} Bd6
{[%clk 1:17:10]} 12. Qd2 {[%clk 1:09:03]} Qc7 {[%clk 1:12:30]} 13. Bxd6
{[%clk 1:06:15]} Qxd6 {[%clk 1:12:48]} 14. f4 {[%clk 0:59:55]} b5
{[%clk 1:11:42]} 15. a3 {[%clk 0:57:48]} Na5 {[%clk 1:10:32]} 16. Qc2
{[%clk 0:54:20]} Nc4 {[%clk 1:05:19]} 17. Bxc4 {[%clk 0:51:31]} bxc4
{[%clk 1:05:32]} 18. Qd2 {[%clk 0:48:26]} Rb8 {[%clk 1:03:02]} 19. Ng3
{[%clk 0:46:56]} Kd7 {[%clk 0:59:29]} 20. O-O {[%clk 0:45:51]} Rb3
{[%clk 0:58:08]} 21. Rae1 {[%clk 0:44:43]} Rhb8 {[%clk 0:57:14]} 22. Re2
{[%clk 0:32:59]} Qb6 {[%clk 0:56:34]} 23. Rb1 {[%clk 0:28:37]} Rxa3
{[%clk 0:56:30]} 24. h3 {[%clk 0:26:53]} Ra2 {[%clk 0:56:02]} 25. Kh2
{[%clk 0:26:38]} a5 {[%clk 0:55:57]} 26. Qc1 {[%clk 0:21:56]} Ra3
{[%clk 0:48:46]} 27. Ra1 {[%clk 0:20:19]} Rxa1 {[%clk 0:47:37]} 28. Qxa1
{[%clk 0:20:47]} Ra8 {[%clk 0:46:56]} 29. Nf1 {[%clk 0:20:23]} Qd6
{[%clk 0:45:54]} 30. g3 {[%clk 0:20:23]} Ne4 {[%clk 0:46:03]} 31. Nd2
{[%clk 0:20:21]} Nxd2 {[%clk 0:46:27]} 32. Rxd2 {[%clk 0:20:50]} a4
{[%clk 0:46:31]} 33. Qa2 {[%clk 0:19:14]} Ra6 {[%clk 0:46:04]} 34. Rd1
{[%clk 0:17:59]} Qb6 {[%clk 0:39:39]} 35. Ra1 {[%clk 0:17:45]} Qb5
{[%clk 0:39:55]} 36. Qa3 {[%clk 0:17:28]} Rb6 {[%clk 0:38:14]} 0-1

[Event "MSR_ch16"]
[Site "?"]
[Date "2024.04.05"]
[Round "1.7"]
[White "Polomsky, Tomas"]
[Black "Karaba, Rudolf"]
[Result "0-1"]
[BlackElo "1640"]
[WhiteElo "1951"]
[LiveChessVersion "1.4.8"]

1. d4 {[%clk 1:30:58]} d5 {[%clk 1:30:25]} 2. Nf3 {[%clk 1:31:18]} Nf6
{[%clk 1:30:37]} 3. e3 {[%clk 1:30:56]} Bf5 {[%clk 1:29:29]} 4. c4
{[%clk 1:29:53]} c6 {[%clk 1:28:19]} 5. Qb3 {[%clk 1:28:32]} Qb6 {[%clk 1:27:38]}
6. Nc3 {[%clk 1:25:33]} e6 {[%clk 1:25:48]} 7. Qxb6 {[%clk 1:23:11]} axb6
{[%clk 1:26:05]} 8. Nh4 {[%clk 1:15:59]} Bg6 {[%clk 1:25:16]} 9. Nxg6
{[%clk 1:12:56]} hxg6 {[%clk 1:25:35]} 10. f3 {[%clk 1:11:16]} Na6
{[%clk 1:18:59]} 11. Bd2 {[%clk 1:04:31]} Bd6 {[%clk 1:10:41]} 12. f4
{[%clk 0:52:55]} Kd7 {[%clk 1:04:51]} 13. Kf2 {[%clk 0:45:38]} Nc7
{[%clk 1:02:28]} 14. Bd3 {[%clk 0:36:57]} Ng4+ {[%clk 1:01:36]} 15. Kg3
{[%clk 0:35:12]} f5 {[%clk 1:01:46]} 16. h3 {[%clk 0:30:54]} Nf6 {[%clk 1:02:04]}
17. Kf2 {[%clk 0:30:51]} Rhf8 {[%clk 0:53:27]} 18. Ke2 {[%clk 0:22:40]} c5
{[%clk 0:49:23]} 19. dxc5 {[%clk 0:16:32]} bxc5 {[%clk 0:49:32]} 20. Kf3
{[%clk 0:13:40]} Ne4 {[%clk 0:46:39]} 21. Bxe4 {[%clk 0:12:34]} fxe4+
{[%clk 0:46:52]} 22. Ke2 {[%clk 0:12:28]} Rf7 {[%clk 0:46:49]} 23. Rab1
{[%clk 0:11:41]} Kc6 {[%clk 0:42:50]} 24. a3 {[%clk 0:11:00]} Na6
{[%clk 0:41:33]} 25. Rhc1 {[%clk 0:08:12]} b6 {[%clk 0:39:31]} 26. cxd5+
{[%clk 0:06:27]} exd5 {[%clk 0:39:54]} 27. b4 {[%clk 0:06:42]} Nc7
{[%clk 0:39:45]} 28. bxc5 {[%clk 0:05:51]} bxc5 {[%clk 0:39:54]} 29. a4
{[%clk 0:05:51]} Re7 {[%clk 0:38:38]} 30. Rb2 {[%clk 0:05:38]} c4
{[%clk 0:33:39]} 31. Rcb1 {[%clk 0:04:35]} Bc5 {[%clk 0:33:40]} 32. a5
{[%clk 0:02:55]} Ra6 {[%clk 0:31:29]} 33. Na4 {[%clk 0:02:58]} Ba7
{[%clk 0:30:31]} 34. Nb6 {[%clk 0:02:32]} Re6 {[%clk 0:29:16]} 35. Bc3
{[%clk 0:01:59]} Re8 {[%clk 0:28:00]} 36. Bxg7 {[%clk 0:01:23]} Rxa5
{[%clk 0:27:59]} 37. Be5 {[%clk 0:01:29]} Nb5 {[%clk 0:27:16]} 38. Na4
{[%clk 0:01:25]} Bb8 {[%clk 0:26:14]} 39. Bc3 {[%clk 0:01:00]} Rxa4
{[%clk 0:25:42]} 40. Rxb5 {[%clk 0:01:23]} Ba7 {[%clk 0:25:52]} 41. Ra5
{[%clk 0:00:32]} Rxa5 {[%clk 0:25:55]} 42. Bxa5 {[%clk 0:01:01]} Bc5
{[%clk 0:26:14]} 43. Bc3 {[%clk 0:28:33]} Ra8 {[%clk 0:56:18]} 44. Rb2
{[%clk 0:29:01]} Ra3 {[%clk 0:55:19]} 45. Rc2 {[%clk 0:28:49]} Kb5
{[%clk 0:54:07]} 46. Bd2 {[%clk 0:24:32]} Bb4 {[%clk 0:52:21]} 47. h4
{[%clk 0:23:31]} c3 {[%clk 0:51:46]} 48. Bc1 {[%clk 0:23:16]} Ra6
{[%clk 0:51:46]} 49. Kd1 {[%clk 0:22:03]} Kc4 {[%clk 0:52:03]} 50. g4
{[%clk 0:21:58]} Kd3 {[%clk 0:50:53]} 51. g5 {[%clk 0:22:01]} Ra1
{[%clk 0:50:23]} 52. f5 {[%clk 0:20:53]} gxf5 {[%clk 0:49:47]} 53. h5
{[%clk 0:20:39]} Ba3 {[%clk 0:50:00]} 54. h6 {[%clk 0:20:14]} Bxc1
{[%clk 0:50:19]} 55. Rxc3+ {[%clk 0:19:29]} Kxc3 {[%clk 0:50:34]} 56. Ke2
{[%clk 0:19:49]} Ra2+ {[%clk 0:50:55]} 57. Kf1 {[%clk 0:20:17]} Bxe3
{[%clk 0:51:08]} 0-1

[Event "MSR_ch16"]
[Site "?"]
[Date "2024.04.05"]
[Round "1.8"]
[White "Slivinsky, Maxim"]
[Black "Smetana, Peter"]
[Result "0-1"]
[BlackElo "1949"]
[WhiteElo "1638"]
[LiveChessVersion "1.4.8"]

1. e4 {[%clk 1:30:48]} c5 {[%clk 1:30:47]} 2. Nf3 {[%clk 1:30:57]} Nc6
{[%clk 1:31:08]} 3. d4 {[%clk 1:30:30]} cxd4 {[%clk 1:30:55]} 4. Nxd4
{[%clk 1:30:49]} e5 {[%clk 1:30:33]} 5. Nb3 {[%clk 1:27:02]} Nf6 {[%clk 1:29:29]}
6. Bg5 {[%clk 1:25:48]} Be7 {[%clk 1:28:53]} 7. N1d2 {[%clk 1:21:26]} h6
{[%clk 1:19:17]} 8. Bxf6 {[%clk 1:12:03]} Bxf6 {[%clk 1:19:19]} 9. Nc4
{[%clk 1:08:33]} O-O {[%clk 1:18:04]} 10. Be2 {[%clk 1:06:03]} Be7
{[%clk 0:58:04]} 11. O-O {[%clk 1:01:32]} Qc7 {[%clk 0:58:11]} 12. Ne3
{[%clk 0:58:41]} d6 {[%clk 0:48:22]} 13. Nd5 {[%clk 0:57:47]} Qd8
{[%clk 0:43:14]} 14. c4 {[%clk 0:52:37]} Be6 {[%clk 0:42:39]} 15. Rc1
{[%clk 0:37:18]} Bg5 {[%clk 0:30:16]} 16. Rc3 {[%clk 0:29:23]} b6
{[%clk 0:18:49]} 17. a3 {[%clk 0:25:02]} Ne7 {[%clk 0:17:46]} 18. g4
{[%clk 0:18:26]} Rc8 {[%clk 0:14:31]} 19. Nd2 {[%clk 0:16:32]} Nxd5
{[%clk 0:13:01]} 20. cxd5 {[%clk 0:16:18]} Rxc3 {[%clk 0:13:04]} 21. bxc3
{[%clk 0:16:41]} Bd7 {[%clk 0:13:23]} 22. c4 {[%clk 0:14:30]} Qc7
{[%clk 0:08:23]} 23. f3 {[%clk 0:12:52]} Qc5+ {[%clk 0:07:55]} 24. Kh1
{[%clk 0:11:54]} Qxa3 {[%clk 0:07:50]} 25. Nb1 {[%clk 0:11:41]} Qc5
{[%clk 0:05:54]} 26. Qb3 {[%clk 0:10:52]} Rc8 {[%clk 0:05:20]} 27. Na3
{[%clk 0:09:50]} Bf4 {[%clk 0:03:51]} 28. Kg2 {[%clk 0:09:02]} a6
{[%clk 0:03:33]} 29. Kh1 {[%clk 0:08:33]} Qc7 {[%clk 0:02:10]} 30. Rb1
{[%clk 0:07:45]} Rb8 {[%clk 0:01:48]} 31. Kg2 {[%clk 0:07:01]} Qd8
{[%clk 0:01:40]} 32. Qd1 {[%clk 0:06:38]} Be3 {[%clk 0:01:20]} 33. Nc2
{[%clk 0:06:18]} Bc5 {[%clk 0:01:39]} 34. Qf1 {[%clk 0:06:10]} Qe8
{[%clk 0:01:32]} 35. Ra1 {[%clk 0:06:03]} Qc8 {[%clk 0:01:14]} 36. Kh1
{[%clk 0:06:08]} Ra8 {[%clk 0:00:47]} 37. Kg2 {[%clk 0:06:21]} Rb8
{[%clk 0:01:12]} 38. Kh1 {[%clk 0:06:44]} Ra8 {[%clk 0:00:52]} 39. Kg2
{[%clk 0:07:09]} Qd8 {[%clk 0:01:03]} 40. Qe1 {[%clk 0:07:14]} Qc7
{[%clk 0:01:05]} 41. Qf1 {[%clk 0:07:05]} Qc8 {[%clk 0:00:41]} 42. Kh1
{[%clk 0:07:12]} Rb8 {[%clk 0:28:18]} 43. Kg2 {[%clk 0:35:07]} b5
{[%clk 0:26:15]} 44. cxb5 {[%clk 0:34:49]} Bxb5 {[%clk 0:25:58]} 45. Bxb5
{[%clk 0:34:51]} axb5 {[%clk 0:25:59]} 46. Rb1 {[%clk 0:34:45]} Qa6
{[%clk 0:25:40]} 47. Ra1 Qb6 48. Rb1 {[%clk 0:33:51]} Qa5 {[%clk 0:25:48]} 49.
Kh1 {[%clk 0:33:40]} Qc3 {[%clk 0:25:43]} 50. Ne1 {[%clk 0:33:11]} b4
{[%clk 0:25:21]} 51. Qd3 {[%clk 0:31:07]} Qd4 {[%clk 0:11:47]} 52. Qxd4
{[%clk 0:31:10]} Bxd4 {[%clk 0:12:11]} 53. Rb3 {[%clk 0:30:50]} Bc3
{[%clk 0:11:26]} 54. Nc2 {[%clk 0:30:34]} Bd2 {[%clk 0:11:16]} 55. Kg2
{[%clk 0:30:30]} Rc8 {[%clk 0:11:25]} 56. Na1 {[%clk 0:28:50]} Rc1
{[%clk 0:11:30]} 57. Rd3 {[%clk 0:28:41]} Bc3 {[%clk 0:11:26]} 58. Nb3
{[%clk 0:28:59]} Rb1 {[%clk 0:11:09]} 59. Na5 {[%clk 0:29:10]} Ra1
{[%clk 0:10:11]} 60. Nb3 {[%clk 0:29:06]} Ra3 {[%clk 0:10:23]} 61. Nc1
{[%clk 0:29:06]} b3 {[%clk 0:07:36]} 62. Nxb3 {[%clk 0:28:34]} Rxb3
{[%clk 0:08:01]} 63. h3 {[%clk 0:28:41]} Rb2+ {[%clk 0:08:11]} 64. Kh1
{[%clk 0:28:50]} Bb4 {[%clk 0:08:17]} 65. Kg1 Kh7 66. h4 {[%clk 0:28:53]} Kg6
{[%clk 0:08:30]} 67. Kh1 {[%clk 0:29:12]} Be1 {[%clk 0:08:48]} 0-1

[Event "MSR_ch16"]
[Site "?"]
[Date "2024.04.05"]
[Round "1.9"]
[White "Vargosko, Juraj"]
[Black "Kluska, Lukas"]
[Result "1-0"]
[BlackElo "1619"]
[WhiteElo "1936"]
[LiveChessVersion "1.4.8"]

1. d4 {[%clk 1:30:56]} d5 {[%clk 1:30:54]} 2. c4 {[%clk 1:31:14]} e6
{[%clk 1:31:19]} 3. Nc3 {[%clk 1:30:55]} Nf6 {[%clk 1:30:41]} 4. Bg5
{[%clk 1:30:52]} Nbd7 {[%clk 1:30:08]} 5. e3 {[%clk 1:29:55]} c6 {[%clk 1:29:55]}
6. Nf3 {[%clk 1:30:12]} h6 {[%clk 1:29:57]} 7. Bh4 {[%clk 1:30:19]} Qb6
{[%clk 1:28:32]} 8. Qc2 {[%clk 1:27:55]} Be7 {[%clk 1:28:06]} 9. Bd3
{[%clk 1:25:21]} O-O {[%clk 1:27:00]} 10. O-O {[%clk 1:24:17]} Re8
{[%clk 1:24:53]} 11. Rfe1 {[%clk 1:15:18]} c5 {[%clk 1:23:27]} 12. Rac1
{[%clk 1:09:29]} Qd8 {[%clk 1:21:28]} 13. Bg3 {[%clk 0:55:14]} b6
{[%clk 1:18:14]} 14. Nb5 Bb7 {[%clk 1:16:16]} 15. Nc7 {[%clk 0:55:05]} Rc8
{[%clk 1:16:33]} 16. Nxe8 {[%clk 0:55:27]} Qxe8 {[%clk 1:16:58]} 17. Qe2
{[%clk 0:54:03]} dxc4 {[%clk 1:14:38]} 18. Bxc4 {[%clk 0:54:21]} Nd5
{[%clk 1:13:36]} 19. e4 {[%clk 0:51:01]} N5f6 {[%clk 1:11:57]} 20. d5
{[%clk 0:51:09]} Nf8 {[%clk 1:08:20]} 21. Rcd1 {[%clk 0:49:40]} Ng6
{[%clk 1:06:40]} 22. dxe6 {[%clk 0:47:17]} 1-0